000 00700nam a2200229 a 4500
001 66034
003 BD-RjUL
005 20211209081507.0
008 170313s1985 nyua b 001 0 eng d
020 _a0471809233 :
_c$24.95 (est.)
035 _a(BD-RjUL)66164
040 _aBD-RjUL
_cBD-RjUL
_dBD-RjUL
_beng
041 _aeng
082 0 0 _a005.74
_223
_bBRD 1985
100 1 _aBrathwaite, Ken S.
_9195324
245 1 0 _aData administration :
_bselected topics of data control /
_cKen S. Brathwaite.
260 _aNew York :
_bWiley,
_cc1985.
300 _axvii, 220 p. :
_bill. ;
_c24 cm.
504 _aIncludes bibliographies and index.
650 0 _aDatabase management.
_9175456
942 _2ddc
_cBK
999 _c66034
_d66034